00567nam a2200157Ia 4500008004100000082001900041100001800060245003000078260006200108300001000170630001800180650006800198942000900266952011700275999001700392211109s9999||||xx |||||||||||||| ||und|| a891.436bNIR-H aNirmala, Jain 0aHindi Alochana Ki Beesvin bRajkamal Prakashan Pvt Ltd DelhiaOxford City Pressc1900 a108p. xGeneral stack aHindi literaturevHindi fictionxLiterature & rhetoricGeneralia cBOOK 00104070aSBCLbSBCLc2d2021-11-09g100.00l0o891.436 NIR-Hp00093601r2021-11-09 00:00:00w2021-11-09yBOOK c51388d51388